000 00263nam a2200097Ia 4500
001 1250818
005 20251031150903.0
008 251031s9999 xx 000 0 und d
245 0 _cBİRCAN YILDIRIM
_aH-5 HAYAT CESURLARA TORPİL GEÇER
260 _bDESTEK YAYINLARI
999 _c1250818
_d1250818